[Event "16. Torneo Aficionados Benidorm s-2000"]
[Site "Benidorm ESP"]
[Date "2017.12.01"]
[Round "1.1"]
[White "Rodriguez Rodriguez, Miguel"]
[Black "Rychlik, Bogdan"]
[Result "1-0"]
[WhiteElo "1998"]
[BlackElo "1737"]
[PlyCount "141"]
[EventDate "2017.12.01"]
[EventType "swiss"]
[EventRounds "10"]
[EventCountry "ESP"]
[SourceTitle "Ajedrez en Madrid"]
[Source "lmi"]
[SourceDate "2017.12.01"]
[SourceVersion "1"]
[SourceVersionDate "2018.01.25"]
[SourceQuality "1"]

1. c4 Nf6 2. Nf3 c5 3. Nc3 Nc6 4. d3 d6 5. g3 g6 6. Bg2 Bg7 7. O-O O-O 8. Bg5
Bg4 9. Qd2 Qd7 10. Rfe1 Rfe8 11. Rab1 Rab8 12. a3 a6 13. b4 Nd4 14. Nxd4 cxd4
15. Nd1 Bh3 16. Bh1 Ng4 17. Qc1 h5 18. f3 Nf6 19. Nf2 Bf5 20. Bg2 Nh7 21. Bh6
Bh8 22. Ne4 Bh3 23. b5 Bxg2 24. Kxg2 d5 25. cxd5 Qxd5 26. bxa6 bxa6 27. Rxb8
Rxb8 28. Qc7 Qd8 29. Rc1 Qe8 30. Qa7 Ra8 31. Qb7 Nf6 32. Ng5 Nh7 33. Rc7 Nxg5
34. Rxe7 Qb8 35. Bxg5 Qxb7 36. Rxb7 Rc8 37. Rb6 Rc5 38. Bf4 a5 39. Ra6 Be5 40.
Bxe5 Rxe5 41. Kf2 Rd5 42. e3 dxe3+ 43. Kxe3 Kf8 44. d4 Rb5 45. Ke4 Ke7 46. a4
f5+ 47. Kf4 Rb4 48. Rxa5 Rxd4+ 49. Kg5 Rd6 50. Ra7+ Kd8 51. Rg7 Ra6 52. Rxg6
Rxa4 53. Kxh5 Ke7 54. Kg5 Ra3 55. Kf4 Ra5 56. h4 Kf7 57. h5 Rb5 58. Ra6 Kg7 59.
h6+ Kh7 60. Kg5 Rb3 61. Ra7+ Kh8 62. Kg6 Rb6+ 63. Kxf5 Rxh6 64. g4 Rc6 65. f4
Rb6 66. Kg5 Kg8 67. f5 Rc6 68. f6 Rc4 69. Kf5 Rb4 70. g5 Kh8 71. Ra8+ 1-0

[Event "16. Torneo Aficionados Benidorm s-2000"]
[Site "Benidorm ESP"]
[Date "2017.12.01"]
[Round "1.2"]
[White "Permentier, Guido"]
[Black "Lloret Mauri, Jaime"]
[Result "0-1"]
[WhiteElo "1734"]
[BlackElo "1998"]
[PlyCount "128"]
[EventDate "2017.12.01"]
[EventType "swiss"]
[EventRounds "10"]
[EventCountry "ESP"]
[SourceTitle "Ajedrez en Madrid"]
[Source "lmi"]
[SourceDate "2017.12.01"]
[SourceVersion "1"]
[SourceVersionDate "2018.01.25"]
[SourceQuality "1"]

1. d4 d5 2. c4 e6 3. Nc3 Nf6 4. Nf3 Be7 5. Bg5 Nbd7 6. e3 O-O 7. Bd3 c5 8. O-O
b6 9. e4 dxe4 10. Nxe4 Bb7 11. Nxf6+ Nxf6 12. dxc5 Bxc5 13. Qe2 Be7 14. Rfd1
Qc7 15. Rac1 Rfd8 16. Bh4 Rac8 17. a3 Qf4 18. Bg3 Qg4 19. b4 Nh5 20. h3 Nxg3
21. hxg4 Nxe2+ 22. Bxe2 Bf6 23. a4 Be4 24. Rxd8+ Rxd8 25. c5 Rc8 26. Bb5 Be7
27. Ne5 bxc5 28. Nd7 c4 29. Rxc4 Rxc4 30. Bxc4 Bxb4 31. Ne5 Bb7 32. f3 Kf8 33.
Kf2 Ke7 34. Ke3 Bc5+ 35. Ke2 Bd4 36. Nd3 a5 37. Bb5 Bd5 38. Nf4 Bb3 39. Kd3 Bb2
40. Ke2 Kd6 41. Nd3 Bd4 42. Nc1 Bd5 43. Nd3 e5 44. Ne1 e4 45. Nc2 Kc5 46. Ne1
Bc4+ 47. Bxc4 exf3+ 48. gxf3 Kxc4 49. Nc2 Bc5 50. Kd2 Kb3 51. Kc1 Kxa4 52. Kb2
Kb5 53. Ne1 Kc4 54. Ka2 Kc3 55. Ng2 a4 56. Nf4 Kd4 57. Nh5 Bf8 58. f4 Ke4 59.
f5 Kf3 60. g5 Kg4 61. g6 hxg6 62. Nxg7 Bxg7 63. fxg6 fxg6 64. Ka3 Kg5 0-1

[Event "16. Torneo Aficionados Benidorm s-2000"]
[Site "Benidorm ESP"]
[Date "2017.12.01"]
[Round "1.4"]
[White "Kuenitz, Klaus"]
[Black "Blasco Marques, Salvador"]
[Result "0-1"]
[WhiteElo "1732"]
[BlackElo "1994"]
[PlyCount "132"]
[EventDate "2017.12.01"]
[EventType "swiss"]
[EventRounds "10"]
[EventCountry "ESP"]
[SourceTitle "Ajedrez en Madrid"]
[Source "lmi"]
[SourceDate "2017.12.01"]
[SourceVersion "1"]
[SourceVersionDate "2018.01.25"]
[SourceQuality "1"]

1. d4 d6 2. c4 g6 3. Nf3 Nh6 4. Nc3 c6 5. Bf4 f6 6. e4 Nf7 7. h3 Bg7 8. Be2 O-O
9. O-O Kh8 10. Qd2 Nd7 11. Rad1 e5 12. dxe5 dxe5 13. Be3 Qe7 14. Qc2 Nb6 15. c5
Nd7 16. b4 Re8 17. Nd2 Nf8 18. Bc4 f5 19. f3 f4 20. Bf2 Ng5 21. Kh2 Nfe6 22.
Nb3 Bf6 23. Qe2 b5 24. Bd3 Bd7 25. Bc2 Red8 26. Rd2 Be8 27. Rfd1 Nf7 28. Rxd8
Nexd8 29. Na5 Ne6 30. Bb3 Nfd8 31. Rd6 Rc8 32. a3 a6 33. Qd1 Kg7 34. Ne2 Ng5
35. Qd2 Ngf7 36. Bxf7 Nxf7 37. Rd3 Nd8 38. Be1 Nb7 39. Nxb7 Qxb7 40. Nc1 Bf7
41. Nb3 Rc7 42. Na5 Qc8 43. Qd1 Be6 44. Bc3 Rd7 45. Rd6 Kf7 46. Qd2 Be7 47.
Rxd7 Qxd7 48. Qxd7 Bxd7 49. Bxe5 g5 50. g3 Bf6 51. gxf4 Bxe5 52. fxe5 Ke6 53.
Kg3 Kxe5 54. Kf2 Kd4 55. Ke2 h5 56. Kd2 h4 57. Ke2 Kc3 58. Ke3 Kb2 59. e5 Kxa3
60. e6 Be8 61. Kd4 Kxb4 62. Nb7 a5 63. Nd6 Bh5 64. e7 a4 65. Ne4 a3 66. Nc3 Kb3
0-1

[Event "16. Torneo Aficionados Benidorm s-2000"]
[Site "Benidorm ESP"]
[Date "2017.12.01"]
[Round "1.5"]
[White "Castillo Garcia, Adrian"]
[Black "Lynch, Peter J"]
[Result "1-0"]
[WhiteElo "1993"]
[BlackElo "1732"]
[PlyCount "67"]
[EventDate "2017.12.01"]
[EventType "swiss"]
[EventRounds "10"]
[EventCountry "ESP"]
[SourceTitle "Ajedrez en Madrid"]
[Source "lmi"]
[SourceDate "2017.12.01"]
[SourceVersion "1"]
[SourceVersionDate "2018.01.25"]
[SourceQuality "1"]

1. c4 c5 2. Nf3 Nc6 3. g3 d6 4. Bg2 Bd7 5. Nc3 Nf6 6. d4 cxd4 7. Nxd4 a6 8. O-O
e6 9. Rb1 Qc7 10. e4 Be7 11. Be3 Ne5 12. b3 b5 13. h3 Rc8 14. f4 Ng6 15. g4 h6
16. f5 Ne5 17. fxe6 fxe6 18. Rc1 bxc4 19. Nce2 d5 20. exd5 exd5 21. Nf4 Qa5 22.
Nfe6 Kf7 23. g5 hxg5 24. Nxg5+ Kg8 25. Nf5 Ba3 26. Rc2 Rh5 27. Qd4 Rxg5 28.
Qxe5 Rxf5 29. Rxf5 Bxf5 30. Qxf5 Qe1+ 31. Kh2 Re8 32. Bxd5+ Nxd5 33. Qxd5+ Kh8
34. Qh5+ 1-0

[Event "16. Torneo Aficionados Benidorm s-2000"]
[Site "Benidorm ESP"]
[Date "2017.12.01"]
[Round "1.7"]
[White "Castrillon Otero, Javier"]
[Black "Balmiza Jimenez, Francisco"]
[Result "1-0"]
[WhiteElo "1992"]
[BlackElo "1727"]
[PlyCount "46"]
[EventDate "2017.12.01"]
[EventType "swiss"]
[EventRounds "10"]
[EventCountry "ESP"]
[SourceTitle "Ajedrez en Madrid"]
[Source "lmi"]
[SourceDate "2017.12.01"]
[SourceVersion "1"]
[SourceVersionDate "2018.01.25"]
[SourceQuality "1"]

1. d4 d5 2. c4 e6 3. Nc3 Nf6 4. cxd5 exd5 5. Bg5 Nbd7 6. e3 c6 7. Bd3 Qa5 8.
Qc2 Bb4 9. Nge2 Ne4 10. Bxe4 dxe4 11. Qxe4+ Kf8 12. Bh4 Nb6 13. O-O Nd5 14.
Nxd5 Qxd5 15. Qxd5 cxd5 16. Rac1 Ba5 17. a3 Be6 18. Bg3 g6 19. Nf4 Rd8 20.
Nxe6+ fxe6 21. Bc7 Bxc7 22. Rxc7 Rb8 23. Rfc1 Rg8 1-0

[Event "16. Torneo Aficionados Benidorm s-2000"]
[Site "Benidorm ESP"]
[Date "2017.12.01"]
[Round "1.8"]
[White "Denekens, Chris"]
[Black "Westerweele, Henrik"]
[Result "0-1"]
[WhiteElo "1724"]
[BlackElo "1990"]
[PlyCount "74"]
[EventDate "2017.12.01"]
[EventType "swiss"]
[EventRounds "10"]
[EventCountry "ESP"]
[SourceTitle "Ajedrez en Madrid"]
[Source "lmi"]
[SourceDate "2017.12.01"]
[SourceVersion "1"]
[SourceVersionDate "2018.01.25"]
[SourceQuality "1"]

1. e4 e6 2. d4 d5 3. exd5 exd5 4. Bd3 Bd6 5. Nf3 Bg4 6. O-O Ne7 7. Bg5 f6 8.
Bh4 O-O 9. Bg3 Bxg3 10. fxg3 Bf5 11. Nh4 Bxd3 12. Qxd3 Qd6 13. Nd2 Nd7 14. Nf5
Nxf5 15. Rxf5 Rae8 16. g4 Re6 17. Raf1 Rfe8 18. Rh5 g6 19. Rh3 Qb4 20. Qc3 Qd6
21. Rhf3 c6 22. h4 Re2 23. Qd3 c5 24. c3 c4 25. Qc2 Qe6 26. Rg3 Nb6 27. b3 Rc8
28. b4 Re8 29. a4 Nc8 30. Qc1 Nd6 31. g5 Nf5 32. gxf6 Nxg3 33. f7+ Kg7 34.
fxe8=Q Qxe8 35. Rd1 Qe3+ 36. Kh2 Qf2 37. Rg1 Nf1+ 0-1

[Event "16. Torneo Aficionados Benidorm s-2000"]
[Site "Benidorm ESP"]
[Date "2017.12.01"]
[Round "1.10"]
[White "Ayza Casamitjana, Antoni"]
[Black "Juez Villar, Erik"]
[Result "1/2-1/2"]
[WhiteElo "1722"]
[BlackElo "1985"]
[PlyCount "151"]
[EventDate "2017.12.01"]
[EventType "swiss"]
[EventRounds "10"]
[EventCountry "ESP"]
[SourceTitle "Ajedrez en Madrid"]
[Source "lmi"]
[SourceDate "2017.12.01"]
[SourceVersion "1"]
[SourceVersionDate "2018.01.25"]
[SourceQuality "1"]

1. e4 c6 2. Nc3 d5 3. Qf3 e6 4. exd5 cxd5 5. d4 Nc6 6. Bb5 Bd7 7. Nge2 Be7 8.
O-O Nb4 9. Bd3 Nf6 10. a3 Nxd3 11. Qxd3 O-O 12. Bf4 Ne8 13. Qg3 f6 14. h4 Kh8
15. Rad1 Rc8 16. h5 g5 17. hxg6 Rg8 18. Qe3 Rxg6 19. Bg3 Ng7 20. Nf4 Rg5 21.
Rfe1 Bf8 22. Qd3 Qb6 23. b4 Nf5 24. Nfe2 Nxg3 25. Nxg3 Bd6 26. Nge2 Rcg8 27. g3
a6 28. Kg2 Bc6 29. Rh1 R8g7 30. Rh6 Qd8 31. Rdh1 Qe7 32. R1h4 Be8 33. Nf4 Rf5
34. Nce2 Kg8 35. Qe3 Bf7 36. g4 e5 37. dxe5 fxe5 38. Ng6 Bxg6 39. gxf5 Bxf5+
40. Ng3 Bxc2 41. Qc3 Bf5 42. Kf1 Bd7 43. Qf3 e4 44. Qh5 Bxg3 45. Qxd5+ Qf7 46.
Qxf7+ Rxf7 47. Rxe4 Bxf2 48. Ke2 Kg7 49. Rh2 Bb6 50. Reh4 h5 51. a4 Bg4+ 52.
Kd2 Kg6 53. Rh1 Rf4 54. Kc3 Bd8 55. R4h2 Bf6+ 56. Kb3 Be6+ 57. Kc2 Bf5+ 58. Kb3
Rf3+ 59. Kc4 Bg4 60. Re1 b6 61. Rd2 Rc3+ 62. Kd5 Kf5 63. Rf1+ Bf3+ 64. Kd6 Be5+
65. Ke7 Kf4 66. Rdf2 h4 67. Ke6 Bd4 68. Rd2 Ke3 69. Rh2 Bg4+ 70. Kd5 Rd3 71.
Re1+ Kf3 72. Kc4 Bf2 73. Rf1 Rd2 74. Rxh4 Ke2 75. Rxf2+ Kxf2 76. Rxg4 1/2-1/2

[Event "16. Torneo Aficionados Benidorm s-2000"]
[Site "Benidorm ESP"]
[Date "2017.12.01"]
[Round "1.11"]
[White "Nilsson, Weine"]
[Black "Gajic, Bozur"]
[Result "1/2-1/2"]
[WhiteElo "1983"]
[BlackElo "1721"]
[PlyCount "75"]
[EventDate "2017.12.01"]
[EventType "swiss"]
[EventRounds "10"]
[EventCountry "ESP"]
[SourceTitle "Ajedrez en Madrid"]
[Source "lmi"]
[SourceDate "2017.12.01"]
[SourceVersion "1"]
[SourceVersionDate "2018.01.25"]
[SourceQuality "1"]

1. e4 c5 2. Nf3 e6 3. d4 cxd4 4. Nxd4 a6 5. Bd3 Qc7 6. O-O Nc6 7. Nxc6 dxc6 8.
Be3 b5 9. Nd2 Bb7 10. c4 b4 11. c5 Rd8 12. Qe2 a5 13. Nc4 Nf6 14. Rac1 Nd7 15.
Nd2 Ne5 16. Bb1 Qc8 17. b3 Ba6 18. Nc4 Nxc4 19. bxc4 Be7 20. Qg4 g6 21. h4 e5
22. Qe2 Bxh4 23. f4 O-O 24. f5 f6 25. Qg4 Bg5 26. Bxg5 fxg5 27. Qxg5 Qc7 28.
Rf3 Qf7 29. Qg3 Rfe8 30. Qf2 g5 31. Qe3 Qf6 32. Rg3 h6 33. Rh3 Kg7 34. Bd3 Rd4
35. Be2 Red8 36. Kf2 a4 37. Rch1 Rh8 38. Rc1 1/2-1/2

[Event "16. Torneo Aficionados Benidorm s-2000"]
[Site "Benidorm ESP"]
[Date "2017.12.02"]
[Round "2.1"]
[White "Herrero Ferrando, Salvador"]
[Black "Rodriguez Rodriguez, Miguel"]
[Result "1/2-1/2"]
[WhiteElo "1835"]
[BlackElo "1998"]
[PlyCount "50"]
[EventDate "2017.12.01"]
[EventType "swiss"]
[EventRounds "10"]
[EventCountry "ESP"]
[SourceTitle "Ajedrez en Madrid"]
[Source "lmi"]
[SourceDate "2017.12.01"]
[SourceVersion "1"]
[SourceVersionDate "2018.01.25"]
[SourceQuality "1"]

1. d4 c5 2. d5 d6 3. c4 e5 4. Nc3 Be7 5. e4 Bg5 6. Nf3 Bxc1 7. Qxc1 Nf6 8. g3
Nbd7 9. Bg2 O-O 10. O-O Re8 11. Ne1 Nf8 12. Nd3 Ng6 13. Qd2 Bd7 14. a3 Qc8 15.
Nb5 Bxb5 16. cxb5 Qd7 17. a4 a6 18. bxa6 Rxa6 19. b3 Rea8 20. Rab1 b5 21. b4
cxb4 22. axb5 Qxb5 23. Nxb4 Ra4 24. Nc6 Qc5 25. Rfc1 Rc4 1/2-1/2

[Event "16. Torneo Aficionados Benidorm s-2000"]
[Site "Benidorm ESP"]
[Date "2017.12.02"]
[Round "2.2"]
[White "Lloret Mauri, Jaime"]
[Black "Glebova, Anastasia"]
[Result "0-1"]
[WhiteElo "1998"]
[BlackElo "1834"]
[PlyCount "156"]
[EventDate "2017.12.01"]
[EventType "swiss"]
[EventRounds "10"]
[EventCountry "ESP"]
[SourceTitle "Ajedrez en Madrid"]
[Source "lmi"]
[SourceDate "2017.12.01"]
[SourceVersion "1"]
[SourceVersionDate "2018.01.25"]
[SourceQuality "1"]

1. e4 c5 2. Nf3 d6 3. c3 Nf6 4. e5 dxe5 5. Nxe5 e6 6. Bb5+ Nbd7 7. d4 cxd4 8.
Qxd4 Be7 9. Bg5 O-O 10. Nf3 a6 11. Ba4 Bc5 12. Qh4 h6 13. Bc1 Nd5 14. Qg3 Qf6
15. Bc2 Ne7 16. Nbd2 Nf5 17. Qf4 Bd6 18. Ne4 Bxf4 19. Nxf6+ Nxf6 20. Bxf4 Nd5
21. Bd2 Nd6 22. b3 b5 23. O-O Bb7 24. Bd3 Rac8 25. Rfc1 Nb6 26. Nd4 Rfd8 27.
Be1 Be4 28. Be2 Bd5 29. f3 e5 30. Nc2 Be6 31. Ne3 f5 32. Bf2 Nd5 33. Nxd5 Bxd5
34. Rd1 Be6 35. Rac1 Rc6 36. Bg3 f4 37. Bf2 Rdc8 38. g3 Nf5 39. g4 Ne7 40. Rd3
Nd5 41. Be1 Nb4 42. Rd2 Kf7 43. a3 Nd5 44. Rdc2 Nb6 45. Rb2 Bd5 46. Kf2 Nd7 47.
Bd2 Nf6 48. c4 bxc4 49. bxc4 Be6 50. Rb7+ Kg8 51. c5 Nd7 52. Bb4 a5 53. Bb5
Nxc5 54. Bxc5 Rxc5 55. Re1 Bd5 56. Rb6 Rc2+ 57. Re2 R8c3 58. Rb8+ Kf7 59. a4
Rxf3+ 60. Ke1 Rxe2+ 61. Bxe2 Rb3 62. Rd8 Be6 63. Ra8 f3 64. Bd1 Re3+ 65. Kf2
Rd3 66. Bxf3 Rxf3+ 67. Ke2 Rf4 68. Rxa5 Rxg4 69. Ra7+ Kf6 70. Kf3 Rh4 71. Kg2
Rf4 72. a5 e4 73. a6 e3 74. Rc7 e2 75. Rc1 Bd5+ 76. Kg1 Bc4 77. a7 Rf1+ 78. Kg2
Bd5+ 0-1

[Event "16. Torneo Aficionados Benidorm s-2000"]
[Site "Benidorm ESP"]
[Date "2017.12.02"]
[Round "2.4"]
[White "Bermingham, Tony"]
[Black "Castillo Garcia, Adrian"]
[Result "0-1"]
[WhiteElo "1830"]
[BlackElo "1993"]
[PlyCount "108"]
[EventDate "2017.12.01"]
[EventType "swiss"]
[EventRounds "10"]
[EventCountry "ESP"]
[SourceTitle "Ajedrez en Madrid"]
[Source "lmi"]
[SourceDate "2017.12.01"]
[SourceVersion "1"]
[SourceVersionDate "2018.01.25"]
[SourceQuality "1"]

1. e4 c5 2. Nc3 Nc6 3. f4 g6 4. Nf3 Bg7 5. Bb5 Nd4 6. O-O e6 7. d3 Ne7 8. Nxd4
cxd4 9. Ne2 a6 10. Ba4 b5 11. Bb3 Bb7 12. Ng3 h5 13. f5 Nc6 14. fxg6 fxg6 15.
Bf4 Qe7 16. Qc1 h4 17. Bg5 Qc5 18. Ne2 Rh5 19. Bd2 O-O-O 20. Nf4 Rh7 21. Nxg6
Rg8 22. Nf4 Be5 23. Ne2 Rhg7 24. Rf2 Bc7 25. Qf1 Ne5 26. h3 Ng6 27. Nf4 Nxf4
28. Bxf4 Bxf4 29. Rxf4 Rxg2+ 30. Qxg2 Rxg2+ 31. Kxg2 Qg5+ 32. Rg4 Qd2+ 33. Kh1
Qe3 34. Kh2 Qf2+ 35. Rg2 Qf4+ 36. Kg1 Qf3 37. Kh2 Bc6 38. Re1 a5 39. a3 Kc7 40.
Reg1 a4 41. Ba2 Qf4+ 42. Kh1 Qe3 43. Kh2 Kb6 44. Rf1 Kc5 45. Rfg1 b4 46. Rg5+
Kd6 47. axb4 Qd2+ 48. R5g2 Qxb4 49. Rb1 Kc7 50. Kg1 Bb5 51. Kf1 Qf8+ 52. Ke2
Qf4 53. Rf1 Qxe4+ 54. Kf2 Qe3# 0-1

[Event "16. Torneo Aficionados Benidorm s-2000"]
[Site "Benidorm ESP"]
[Date "2017.12.02"]
[Round "2.5"]
[White "Stamenov, Valeriy"]
[Black "Castrillon Otero, Javier"]
[Result "0-1"]
[WhiteElo "1827"]
[BlackElo "1992"]
[PlyCount "86"]
[EventDate "2017.12.01"]
[EventType "swiss"]
[EventRounds "10"]
[EventCountry "ESP"]
[SourceTitle "Ajedrez en Madrid"]
[Source "lmi"]
[SourceDate "2017.12.01"]
[SourceVersion "1"]
[SourceVersionDate "2018.01.25"]
[SourceQuality "1"]

1. e4 c5 2. c3 d5 3. exd5 Qxd5 4. d4 Nc6 5. Nf3 Bf5 6. dxc5 Qxd1+ 7. Kxd1
O-O-O+ 8. Ke1 e5 9. Be3 Nge7 10. Ng5 Bg6 11. f3 Nd5 12. Bf2 Be7 13. Ne4 Nf4 14.
Na3 f5 15. Nd6+ Bxd6 16. cxd6 Rxd6 17. Rd1 Rxd1+ 18. Kxd1 Rd8+ 19. Kc1 a6 20.
Be3 Nd3+ 21. Bxd3 Rxd3 22. Bd2 Bf7 23. b3 a5 24. Kc2 Rd8 25. Bg5 Rd6 26. Be3
Rg6 27. Rg1 Bd5 28. Nb5 f4 29. Bc5 Kd7 30. c4 Be6 31. Rd1+ Kc8 32. Rd2 Bd7 33.
Kc3 Nd8 34. Nd6+ Kc7 35. Ne4 Nf7 36. Ba3 b6 37. Kb2 Bc6 38. Nc3 Ng5 39. Nd5+
Bxd5 40. Rxd5 e4 41. fxe4 Nxe4 42. Rd4 Rxg2+ 43. Kb1 Nc3+ 0-1

[Event "16. Torneo Aficionados Benidorm s-2000"]
[Site "Benidorm ESP"]
[Date "2017.12.02"]
[Round "2.6"]
[White "Westerweele, Henrik"]
[Black "Mileo, Pierpaolo"]
[Result "0-1"]
[WhiteElo "1990"]
[BlackElo "1828"]
[PlyCount "58"]
[EventDate "2017.12.01"]
[EventType "swiss"]
[EventRounds "10"]
[EventCountry "ESP"]
[SourceTitle "Ajedrez en Madrid"]
[Source "lmi"]
[SourceDate "2017.12.01"]
[SourceVersion "1"]
[SourceVersionDate "2018.01.25"]
[SourceQuality "1"]

1. e4 e6 2. d4 b6 3. Nf3 Bb7 4. Bd3 c5 5. c3 cxd4 6. cxd4 Nf6 7. Qe2 Nc6 8. Nc3
Nb4 9. Bc4 Rc8 10. O-O Qc7 11. Bb5 a6 12. Ba4 Be7 13. a3 Nc6 14. e5 Nd5 15. Ne4
b5 16. Bd1 b4 17. Bd2 Qb6 18. Nd6+ Bxd6 19. exd6 Nxd4 20. Nxd4 Qxd4 21. axb4
Qxb2 22. Ba4 Nc3 23. Qd3 Nxa4 24. Rxa4 Rc2 25. Be3 O-O 26. Ra3 Rc6 27. Bd4 Qc2
28. Qg3 Qg6 29. Qf4 Rc3 0-1

[Event "16. Torneo Aficionados Benidorm s-2000"]
[Site "Benidorm ESP"]
[Date "2017.12.02"]
[Round "2.7"]
[White "Bote Kobolo, Benjamin"]
[Black "Campos Busquiel, Alejandro"]
[Result "0-1"]
[WhiteElo "1989"]
[BlackElo "1826"]
[PlyCount "132"]
[EventDate "2017.12.01"]
[EventType "swiss"]
[EventRounds "10"]
[EventCountry "ESP"]
[SourceTitle "Ajedrez en Madrid"]
[Source "lmi"]
[SourceDate "2017.12.01"]
[SourceVersion "1"]
[SourceVersionDate "2018.01.25"]
[SourceQuality "1"]

1. e4 e6 2. Nc3 d5 3. Nf3 d4 4. Ne2 Nc6 5. Ng3 e5 6. Bc4 h6 7. a3 Nf6 8. d3 Bd6
9. Bd2 a5 10. O-O O-O 11. Qe2 Qe7 12. Nh4 Bg4 13. f3 Be6 14. Nhf5 Qd7 15. Bxh6
Bxf5 16. Nxf5 gxh6 17. Qd2 Ne7 18. Nxh6+ Kh7 19. Qg5 Nfg8 20. Ng4 Ng6 21. f4
Nxf4 22. Rxf4 exf4 23. e5 Be7 24. Qh5+ Kg7 25. Rf1 f5 26. Rxf4 Qe8 27. Qh3 Qg6
28. Nf2 Nh6 29. Rxd4 Rad8 30. Rf4 Rh8 31. Qf3 Bg5 32. Nh3 Bxf4 33. Nxf4 Qb6+
34. Kf1 Rhe8 35. Nh5+ Kh8 36. Qf4 Rd4 37. Qg5 Rg4 38. Qd2 Rxe5 39. h3 Rxc4 40.
dxc4 Qe3 41. Qd8+ Kh7 42. Qd1 Kg6 43. g3 Qe1+ 44. Qxe1 Rxe1+ 45. Kxe1 Kxh5 46.
Ke2 c5 47. c3 Kg5 48. Ke3 a4 49. Kd3 Nf7 50. Kc2 Nd6 51. Kd3 Kf6 52. h4 Ke5 53.
h5 Kf6 54. Ke3 Nxc4+ 55. Kf4 Nxb2 56. h6 Nd3+ 57. Ke3 Ne5 58. h7 Kg7 59. Kf4
Nc4 60. Kxf5 Nxa3 61. Ke6 Nb5 62. g4 a3 63. g5 Kxh7 64. Kf7 Nd6+ 65. Kf6 Ne4+
66. Kf5 Nxg5 0-1

[Event "16. Torneo Aficionados Benidorm s-2000"]
[Site "Benidorm ESP"]
[Date "2017.12.02"]
[Round "2.8"]
[White "Fichtinger, Leopold"]
[Black "Grau Peris, Ruben"]
[Result "1/2-1/2"]
[WhiteElo "1979"]
[BlackElo "1820"]
[PlyCount "156"]
[EventDate "2017.12.01"]
[EventType "swiss"]
[EventRounds "10"]
[EventCountry "ESP"]
[SourceTitle "Ajedrez en Madrid"]
[Source "lmi"]
[SourceDate "2017.12.01"]
[SourceVersion "1"]
[SourceVersionDate "2018.01.25"]
[SourceQuality "1"]

1. e4 e6 2. d4 d5 3. Nc3 dxe4 4. Nxe4 Nd7 5. Bd3 Ngf6 6. Bg5 Be7 7. Qe2 Nxe4 8.
Bxe7 Qxe7 9. Bxe4 Nf6 10. O-O-O Nxe4 11. Qxe4 Qg5+ 12. f4 Qd5 13. Qxd5 exd5 14.
Re1+ Kf8 15. Re5 c6 16. Ne2 f6 17. Re3 Bg4 18. Ng3 Re8 19. Rxe8+ Kxe8 20. h3
Bd7 21. Re1+ Kf7 22. Kd2 Re8 23. Rxe8 Kxe8 24. b4 Kf7 25. Ke3 g6 26. h4 Bg4 27.
a4 a6 28. a5 Ke6 29. Nf1 Bf5 30. Kd2 Be4 31. Ne3 h5 32. g3 Bf5 33. Kc3 Be4 34.
Kb3 Kd6 35. g4 hxg4 36. Nxg4 Ke6 37. Ne3 Kf7 38. Nf1 g5 39. hxg5 fxg5 40. fxg5
Kg6 41. Nd2 Kxg5 42. Kc3 Kf4 43. Nb3 Bf5 44. Nc5 Bc8 45. Kd2 Kf5 46. Kd3 Kf6
47. c4 dxc4+ 48. Kxc4 Ke7 49. Ne4 Kd7 50. Kc5 Kc7 51. Nf6 Bd7 52. d5 cxd5 53.
Nxd5+ Kb8 54. Kd6 Bc6 55. Nb6 Bb5 56. Nd5 Bc6 57. Ne7 Bb5 58. Nf5 Bc6 59. Nd4
Bh1 60. Kc5 Bg2 61. Kb6 Bd5 62. Nf5 Bh1 63. Nd6 Bg2 64. Nf7 Bh1 65. Ne5 Bg2 66.
Nd7+ Kc8 67. Nf8 Kb8 68. Kc5 Bh1 69. Kd6 Bg2 70. Nd7+ Kc8 71. Nb6+ Kb8 72. Kd7
Bh1 73. Kd8 Bg2 74. Nd7+ Ka7 75. Kc7 Bh1 76. Nb6 Bg2 77. Nc8+ Ka8 78. Nd6 Bh1
1/2-1/2

[Event "16. Torneo Aficionados Benidorm s-2000"]
[Site "Benidorm ESP"]
[Date "2017.12.02"]
[Round "2.9"]
[White "Arocena Uria, Jaime"]
[Black "Gil Vega, Marcel"]
[Result "1-0"]
[WhiteElo "1820"]
[BlackElo "1978"]
[PlyCount "105"]
[EventDate "2017.12.01"]
[EventType "swiss"]
[EventRounds "10"]
[EventCountry "ESP"]
[SourceTitle "Ajedrez en Madrid"]
[Source "lmi"]
[SourceDate "2017.12.01"]
[SourceVersion "1"]
[SourceVersionDate "2018.01.25"]
[SourceQuality "1"]

1. e4 c6 2. d4 d5 3. Nc3 dxe4 4. Nxe4 Bf5 5. Ng3 Bg6 6. h4 h6 7. Nf3 Nd7 8. h5
Bh7 9. Bd3 Bxd3 10. Qxd3 e6 11. Bd2 Ngf6 12. O-O-O Qc7 13. Kb1 O-O-O 14. Ne4
Nxe4 15. Qxe4 Nf6 16. Qe2 Bd6 17. Ne5 Qe7 18. Rh3 Nd7 19. f4 Kb8 20. Rb3 Ka8
21. Nc4 Bc7 22. Qf3 Nb6 23. Nxb6+ Bxb6 24. Bb4 Qf6 25. Bc5 Bxc5 26. dxc5 Rxd1+
27. Qxd1 Qxf4 28. Rf3 Qc7 29. Rd3 Qf4 30. a3 a6 31. Rd8+ Rxd8 32. Qxd8+ Qb8 33.
Qe7 Qg8 34. b4 f6 35. a4 e5 36. g4 Kb8 37. Kb2 Kc8 38. Kc3 Qd8 39. Qxg7 Qd4+
40. Kb3 e4 41. Qf8+ Kc7 42. Qe7+ Kb8 43. Qd6+ Qxd6 44. cxd6 b5 45. axb5 axb5
46. Kc3 Kc8 47. Kd4 Kd7 48. Kxe4 Kxd6 49. Kd4 Ke6 50. Ke4 Kd6 51. Kf5 c5 52.
Kxf6 cxb4 53. g5 1-0

[Event "16. Torneo Aficionados Benidorm s-2000"]
[Site "Benidorm ESP"]
[Date "2017.12.02"]
[Round "2.10"]
[White "Prats Alonso, Oscar"]
[Black "Custard Gasco, Daniel"]
[Result "1/2-1/2"]
[WhiteElo "1976"]
[BlackElo "1813"]
[PlyCount "135"]
[EventDate "2017.12.01"]
[EventType "swiss"]
[EventRounds "10"]
[EventCountry "ESP"]
[SourceTitle "Ajedrez en Madrid"]
[Source "lmi"]
[SourceDate "2017.12.01"]
[SourceVersion "1"]
[SourceVersionDate "2018.01.25"]
[SourceQuality "1"]

1. d4 Nf6 2. Nf3 e6 3. e3 b6 4. Bd3 Bb7 5. Nbd2 c5 6. O-O cxd4 7. exd4 Be7 8.
b3 O-O 9. Bb2 d6 10. Qe2 Nbd7 11. c4 Rc8 12. Rfe1 Re8 13. Rac1 Rc7 14. Bb1 Qa8
15. Qd3 Nf8 16. g3 Rec8 17. Ng5 h6 18. Nge4 d5 19. Nxf6+ Bxf6 20. f3 dxc4 21.
Rxc4 Ba6 22. Ba3 Bxc4 23. bxc4 Be7 24. Bxe7 Rxe7 25. Kf2 Rd7 26. Qc3 Qc6 27. h4
Qd6 28. Nb3 Rdc7 29. c5 bxc5 30. dxc5 Qa6 31. Re4 Qa3 32. Rg4 f5 33. Rc4 a5 34.
Qd4 Rd7 35. Ra4 Qxb3 36. axb3 Rxd4 37. Rxd4 Rxc5 38. Ra4 Kf7 39. b4 axb4 40.
Rxb4 Kf6 41. Ke3 Nd7 42. Rb3 Rc6 43. Bd3 Rb6 44. Ra3 Ne5 45. Be2 g6 46. Rc3 g5
47. hxg5+ hxg5 48. Ra3 Rb4 49. Ra2 f4+ 50. gxf4 gxf4+ 51. Kf2 Kf5 52. Rc2 Rb3
53. Rd2 Re3 54. Kg2 Kg5 55. Kf2 Rc3 56. Ra2 Nd3+ 57. Bxd3 Rxd3 58. Re2 Kf5 59.
Ra2 e5 60. Ke2 Re3+ 61. Kf2 Kg5 62. Ra8 Kf6 63. Ra6+ Kf5 64. Ra2 e4 65. Ra5+
Kf6 66. fxe4 Rxe4 67. Kf3 Rb4 68. Rc5 1/2-1/2